<?xml version="1.0" encoding="UTF-8"?>
<record
    xmlns:xsi="http://www.w3.org/2001/XMLSchema-instance"
    xsi:schemaLocation="http://www.loc.gov/MARC21/slim http://www.loc.gov/standards/marcxml/schema/MARC21slim.xsd"
    xmlns="http://www.loc.gov/MARC21/slim">

  <leader>02382nam a22003134c 4500</leader>
  <controlfield tag="003">AR-BaSMT</controlfield>
  <controlfield tag="008">230327t2021     agd|||frib|| 001 0 spa d</controlfield>
  <datafield tag="020" ind1=" " ind2=" ">
    <subfield code="a">9789874180797</subfield>
  </datafield>
  <datafield tag="040" ind1=" " ind2=" ">
    <subfield code="a">BSGB</subfield>
    <subfield code="b">espa&#xF1;ol</subfield>
    <subfield code="c">BSGB</subfield>
    <subfield code="e">rda</subfield>
  </datafield>
  <datafield tag="041" ind1="0" ind2=" ">
    <subfield code="a">spa</subfield>
    <subfield code="h">espa&#xF1;ol</subfield>
  </datafield>
  <datafield tag="080" ind1=" " ind2=" ">
    <subfield code="a">574</subfield>
  </datafield>
  <datafield tag="100" ind1="1" ind2=" ">
    <subfield code="a">Busch, Mar&#xED;a</subfield>
    <subfield code="9">516</subfield>
  </datafield>
  <datafield tag="245" ind1="1" ind2=" ">
    <subfield code="a">Ecolog&#xED;a y salud </subfield>
  </datafield>
  <datafield tag="250" ind1=" " ind2=" ">
    <subfield code="a">Segunda edici&#xF3;n</subfield>
  </datafield>
  <datafield tag="264" ind1=" " ind2=" ">
    <subfield code="a">Buenos Aires ; </subfield>
    <subfield code="b">Del Aula Taller, </subfield>
    <subfield code="c">2021.</subfield>
  </datafield>
  <datafield tag="300" ind1=" " ind2=" ">
    <subfield code="a">60 p&#xE1;ginas, Ilustraciones blanco y negro.</subfield>
  </datafield>
  <datafield tag="336" ind1=" " ind2=" ">
    <subfield code="2">rdacontent</subfield>
    <subfield code="a">texto</subfield>
    <subfield code="b">txt</subfield>
  </datafield>
  <datafield tag="337" ind1=" " ind2=" ">
    <subfield code="2">rdamedia</subfield>
    <subfield code="a">sin mediaci&#xF3;n</subfield>
    <subfield code="b">n</subfield>
  </datafield>
  <datafield tag="338" ind1=" " ind2=" ">
    <subfield code="2">rdacarrier</subfield>
    <subfield code="a">volumen</subfield>
    <subfield code="b">nc</subfield>
  </datafield>
  <datafield tag="490" ind1=" " ind2=" ">
    <subfield code="a">Colecci&#xF3;n Sociedades y Medioambiente</subfield>
  </datafield>
  <datafield tag="520" ind1=" " ind2=" ">
    <subfield code="a">&#xCD;NDICE

CAP&#xCD;TULO I
LAS ENFERMEDADES COMO RESULTADO DE LA INTERACCI&#xD3;N DEL HOMBRE CON SU MEDIO
Condiciones de vida, de trabajo y salud
La epidemiolog&#xED;a social
Los efectos demogr&#xE1;ficos de la conquista

CAP&#xCD;TULO II
DISTINTOS TIPOS DE AGENTES CAUSALES DE ENFERMEDADES: FACTORES F&#xCD;SICOS, QU&#xCD;MICOS Y BI&#xD3;TICOS
Agentes f&#xED;sicos
Radiaciones
Hiroshima y Nagasaki
Calor
Ruido
Agentes qu&#xED;micos
Condiciones de trabajo y salud
Contaminaci&#xF3;n por plaguicidas
Otros contaminantes qu&#xED;micos
Materiales en suspensi&#xF3;n en la atm&#xF3;sfera
Agentes biol&#xF3;gicos

CAP&#xCD;TULO III
ENFERMEDADES ASOCIADAS AL MEDIO AMBIENTE
Producidas por agentes qu&#xED;micos o f&#xED;sicos
Enfermedades producidas por agentes biol&#xF3;gicos
Sin intervenci&#xF3;n de reservorios o vectores
Con intervenci&#xF3;n de reservorios o vectores
Las epidemias de c&#xF3;lera en la Argentina
Los ataques de la peste negra
La necesidad de entornos saludables
Enfermedades transmitidas por insectos
Enfermedades de transmisi&#xF3;n h&#xED;drica
Enfermedades transmitidas por caracoles

CAP&#xCD;TULO IV
PERSPECTIVAS EN UN PLANETA QUE CAMBIA

RECUADROS
Condiciones de vida, de trebajo y de salud
La epidemiolog&#xED;a social
Los efectos demogr&#xE1;ficos de la conquista
Hiroshima y Nagasaki
Condiciones de trabajo y de salud
Las epidemias de c&#xF3;lera en la Argentina
Los ataques de la peste negra
La necesidad de entornos saludables
Enfermedades de transmisi&#xF3;n h&#xED;drica

BIBLIOGRAF&#xCD;A</subfield>
  </datafield>
  <datafield tag="521" ind1=" " ind2=" ">
    <subfield code="a">P&#xFA;blico general</subfield>
  </datafield>
  <datafield tag="650" ind1=" " ind2="7">
    <subfield code="9">85</subfield>
    <subfield code="a">ECOLOG&#xCD;A</subfield>
    <subfield code="x">SALUD</subfield>
  </datafield>
  <datafield tag="700" ind1="1" ind2=" ">
    <subfield code="a">Ambas, Alejandro</subfield>
    <subfield code="e">Autor</subfield>
    <subfield code="9">517</subfield>
  </datafield>
  <datafield tag="700" ind1="1" ind2=" ">
    <subfield code="a">Dad&#xF3;n, Jos&#xE9; R., </subfield>
    <subfield code="b">1956-</subfield>
    <subfield code="e">Autor</subfield>
    <subfield code="9">518</subfield>
  </datafield>
  <datafield tag="700" ind1="1" ind2=" ">
    <subfield code="a">Rodr&#xED;guez, Mar&#xED;a Cecilia</subfield>
    <subfield code="e">Autor</subfield>
    <subfield code="9">519</subfield>
  </datafield>
  <datafield tag="942" ind1=" " ind2=" ">
    <subfield code="2">ddc</subfield>
    <subfield code="a">BOOK</subfield>
  </datafield>
  <datafield tag="999" ind1=" " ind2=" ">
    <subfield code="c">690</subfield>
    <subfield code="d">690</subfield>
  </datafield>
  <datafield tag="952" ind1=" " ind2=" ">
    <subfield code="0">0</subfield>
    <subfield code="1">0</subfield>
    <subfield code="2">ddc</subfield>
    <subfield code="4">0</subfield>
    <subfield code="a">BSGB</subfield>
    <subfield code="b">BSGB</subfield>
    <subfield code="c">Ciencias Naturales</subfield>
    <subfield code="e">Compra feria del libro 2025</subfield>
    <subfield code="i">001070</subfield>
    <subfield code="l">0</subfield>
    <subfield code="o">574 BUS</subfield>
    <subfield code="p">001070</subfield>
    <subfield code="t">1</subfield>
    <subfield code="y">BOOK</subfield>
    <subfield code="f"></subfield>
  </datafield>
</record>
